<?xml version="1.0" encoding="UTF-8"?><record xmlns="http://www.loc.gov/MARC21/slim" xmlns:zs="http://docs.oasis-open.org/ns/search-ws/sruResponse">
  <leader>02667cas a2200565 a 4500</leader>
  <controlfield tag="001">11268395</controlfield>
  <controlfield tag="008">830223d18651918hiucr ne      0   a0eng c</controlfield>
  <controlfield tag="005">20250917105011.2</controlfield>
  <datafield ind1=" " ind2=" " tag="010">
    <subfield code="a">sn 83025121 </subfield>
  </datafield>
  <datafield ind1="1" ind2=" " tag="022">
    <subfield code="a">2157-1392</subfield>
    <subfield code="2">1</subfield>
  </datafield>
  <datafield ind1="1" ind2=" " tag="029">
    <subfield code="a">AU@</subfield>
    <subfield code="b">000025808337</subfield>
  </datafield>
  <datafield ind1=" " ind2=" " tag="035">
    <subfield code="a">(OCoLC)9249554</subfield>
  </datafield>
  <datafield ind1=" " ind2=" " tag="040">
    <subfield code="a">WIH</subfield>
    <subfield code="b">eng</subfield>
    <subfield code="c">WIH</subfield>
    <subfield code="d">NPV</subfield>
    <subfield code="d">DLC</subfield>
    <subfield code="d">NPX</subfield>
    <subfield code="d">NPU</subfield>
    <subfield code="d">DLC</subfield>
    <subfield code="d">HWN</subfield>
    <subfield code="d">DLC</subfield>
    <subfield code="d">YOX</subfield>
    <subfield code="d">CNK</subfield>
    <subfield code="d">MGN</subfield>
    <subfield code="d">CRL</subfield>
    <subfield code="d">DLC</subfield>
    <subfield code="d">KRTAS</subfield>
    <subfield code="d">CUI</subfield>
    <subfield code="d">DLC</subfield>
    <subfield code="d">OCLCQ</subfield>
    <subfield code="d">OCLCF</subfield>
    <subfield code="d">HMM</subfield>
    <subfield code="d">OCL</subfield>
    <subfield code="d">OCLCQ</subfield>
    <subfield code="d">OCLCL</subfield>
    <subfield code="d">U3W</subfield>
    <subfield code="d">AQM</subfield>
  </datafield>
  <datafield ind1=" " ind2=" " tag="042">
    <subfield code="a">pcc</subfield>
    <subfield code="a">nsdp</subfield>
  </datafield>
  <datafield ind1=" " ind2=" " tag="043">
    <subfield code="a">n-us-hi</subfield>
  </datafield>
  <datafield ind1="0" ind2="0" tag="050">
    <subfield code="a">Newspaper</subfield>
  </datafield>
  <datafield ind1=" " ind2="4" tag="050">
    <subfield code="a">AN</subfield>
  </datafield>
  <datafield ind1="0" ind2=" " tag="130">
    <subfield code="a">Hawaiian gazette (Honolulu, Hawaii)</subfield>
  </datafield>
  <datafield ind1=" " ind2="4" tag="222">
    <subfield code="a">The Hawaiian gazette (Honolulu, Hawaii)</subfield>
  </datafield>
  <datafield ind1="1" ind2="4" tag="245">
    <subfield code="a">The Hawaiian gazette.</subfield>
  </datafield>
  <datafield ind1=" " ind2=" " tag="260">
    <subfield code="a">Honolulu [Oahu, Hawaii] :</subfield>
    <subfield code="b">Published ... by J.H. Black at the G.P.O.,</subfield>
    <subfield code="c">1865-</subfield>
  </datafield>
  <datafield ind1=" " ind2=" " tag="300">
    <subfield code="a">volumes :</subfield>
    <subfield code="b">illustrations ;</subfield>
    <subfield code="c">46-56 cm</subfield>
  </datafield>
  <datafield ind1=" " ind2=" " tag="310">
    <subfield code="a">Semiweekly,</subfield>
    <subfield code="b">Jan. 1894-&lt;Oct. 18, 1918&gt;</subfield>
  </datafield>
  <datafield ind1=" " ind2=" " tag="321">
    <subfield code="a">Weekly,</subfield>
    <subfield code="b">1865-1893</subfield>
  </datafield>
  <datafield ind1=" " ind2=" " tag="336">
    <subfield code="a">text</subfield>
    <subfield code="b">txt</subfield>
    <subfield code="2">rdacontent</subfield>
  </datafield>
  <datafield ind1=" " ind2=" " tag="337">
    <subfield code="a">unmediated</subfield>
    <subfield code="b">n</subfield>
    <subfield code="2">rdamedia</subfield>
  </datafield>
  <datafield ind1=" " ind2=" " tag="338">
    <subfield code="a">volume</subfield>
    <subfield code="b">nc</subfield>
    <subfield code="2">rdacarrier</subfield>
  </datafield>
  <datafield ind1="0" ind2=" " tag="362">
    <subfield code="a">Vol. 1, no. 1 (Jan. 21, 1865)-</subfield>
  </datafield>
  <datafield ind1="1" ind2=" " tag="362">
    <subfield code="a">Ceased Nov. 29, 1918.</subfield>
  </datafield>
  <datafield ind1=" " ind2=" " tag="500">
    <subfield code="a">Publishers: J. Mott-Smith, 1865-&lt;1869&gt;; M. Raplee, &lt;1870-1872&gt;; Henry M. Whitney, 1873-1878.</subfield>
  </datafield>
  <datafield ind1=" " ind2=" " tag="500">
    <subfield code="a">Editors: 1866-1869, J. Mott-Smith; 1873-1877, H.M. Whitney; 1877, C.T. Rodgers; many others.</subfield>
  </datafield>
  <datafield ind1=" " ind2=" " tag="515">
    <subfield code="a">Issues for &lt;Jan. 7, 1874-Jan. 4, 1895&gt; called also: whole no. &lt;469-1616&gt;</subfield>
  </datafield>
  <datafield ind1=" " ind2=" " tag="525">
    <subfield code="a">Some issues accompanied by supplements.</subfield>
  </datafield>
  <datafield ind1=" " ind2=" " tag="530">
    <subfield code="a">Also issued on microfilm from the Hawaiian Historical Society, and the Library of Congress, Photoduplication Service.</subfield>
  </datafield>
  <datafield ind1=" " ind2=" " tag="530">
    <subfield code="a">Archived issues are available in digital format as part of the Library of Congress Chronicling America online collection.</subfield>
  </datafield>
  <datafield ind1=" " ind2="0" tag="651">
    <subfield code="a">Honolulu (Hawaii)</subfield>
    <subfield code="v">Newspapers.</subfield>
  </datafield>
  <datafield ind1=" " ind2="7" tag="651">
    <subfield code="a">Hawaii</subfield>
    <subfield code="z">Honolulu.</subfield>
    <subfield code="2">fast</subfield>
    <subfield code="0">(OCoLC)fst01204916</subfield>
    <subfield code="1">https://id.oclc.org/worldcat/entity/E39QbtfRvTpyk8HryF8CRQKCDY</subfield>
  </datafield>
  <datafield ind1=" " ind2="0" tag="655">
    <subfield code="a">Electronic journals.</subfield>
  </datafield>
  <datafield ind1=" " ind2="7" tag="655">
    <subfield code="a">Newspapers.</subfield>
    <subfield code="2">fast</subfield>
    <subfield code="0">(OCoLC)fst01423814</subfield>
  </datafield>
  <datafield ind1=" " ind2="7" tag="655">
    <subfield code="a">Newspapers.</subfield>
    <subfield code="2">rbmscv</subfield>
  </datafield>
  <datafield ind1=" " ind2=" " tag="752">
    <subfield code="a">United States</subfield>
    <subfield code="b">Hawaii</subfield>
    <subfield code="c">Honolulu</subfield>
    <subfield code="d">Honolulu.</subfield>
  </datafield>
  <datafield ind1="0" ind2=" " tag="775">
    <subfield code="t">Daily Hawaiian gazette</subfield>
    <subfield code="w">(DLC)sn 85047142</subfield>
    <subfield code="w">(OCoLC)12159822</subfield>
  </datafield>
  <datafield ind1="0" ind2="8" tag="776">
    <subfield code="i">Online version:</subfield>
    <subfield code="t">Hawaiian gazette (Honolulu, Hawaii : Online)</subfield>
    <subfield code="w">(OCoLC)192107308</subfield>
  </datafield>
  <datafield ind1=" " ind2=" " tag="890">
    <subfield code="a">Hawaiian Gazette [Honolulu--Hawaii]. [NEWSPAPER--microfilm]</subfield>
    <subfield code="i">sv 97017090</subfield>
  </datafield>
  <datafield ind1="4" ind2="1" tag="859">
    <subfield code="u">http://www.loc.gov/chroniclingamerica/lccn/sn83025121/issues</subfield>
  </datafield>
  <datafield ind1=" " ind2=" " tag="906">
    <subfield code="a">7</subfield>
    <subfield code="b">cbc</subfield>
    <subfield code="c">serials</subfield>
    <subfield code="d">u</subfield>
    <subfield code="e">ncip</subfield>
    <subfield code="f">19</subfield>
    <subfield code="g">n-oclcserc</subfield>
  </datafield>
  <datafield ind1="0" ind2=" " tag="925">
    <subfield code="a">Acquire</subfield>
    <subfield code="b">1 shelf copy</subfield>
    <subfield code="x">policy default</subfield>
  </datafield>
  <datafield ind1=" " ind2=" " tag="955">
    <subfield code="k">xf14 2010-08-30 telework;</subfield>
  </datafield>
  <datafield ind1=" " ind2=" " tag="955">
    <subfield code="a">LCAP batch update 2025-06-09-04:00: LCAPM-893</subfield>
  </datafield>
  <datafield ind1=" " ind2=" " tag="985">
    <subfield code="a">serpull/chronam</subfield>
    <subfield code="e">ndnp</subfield>
  </datafield>
</record>
